Geometrická optika : fysiologická optika : fotometrie : určeno pro posluchače vyš. pedagog. škol /

Main Author: Špelda, Antonín, 1904-1989
Corporate Author: Vyšší pedagogická škola (Plzeň, Česko)
Language: Czech
Published: Praha : SPN, 1957
Edition: 1. vyd.
Series: Učební texty vysokých škol / Vyšší pedagogická škola v Plzni
Physical Description: 144 s. ; 4°
Book
Saved in:
LEADER 01127nam a22002772a 4500
001 000804850
003 CZ BrMZK
005 20180926122520.0
007 ta
008 060110s1957 xr er|||||||||||cze d
040 |a ABA001  |b cze  |c KLG001  |d ABA001 
100 1 |a Špelda, Antonín,  |d 1904-1989  |7 jk01130864  |4 aut 
245 1 0 |a Geometrická optika :  |b fysiologická optika : fotometrie : určeno pro posluchače vyš. pedagog. škol /  |c autor: Antonín Špelda 
250 |a 1. vyd. 
260 |a Praha :  |b SPN,  |c 1957  |f (Praž. tisk. 06) 
300 |a 144 s. ;  |c 4° 
490 1 |a Učební texty vysokých škol / Vyšší pedagogická škola v Plzni 
500 |a S grafy v textu 
500 |a Vyd. Vyš. pedagog. škola v Plzni 
504 |a Obsahuje bibliografii a rejstříky 
710 2 |a Vyšší pedagogická škola (Plzeň, Česko)  |7 ko2001100260 
810 2 |a Vyšší pedagogická škola v Plzni.  |t Učební texty vysokých škol  |0 s 
910 |a BOA001  |b PK-N-0002.699 
964 |a Optika geometrická - úvody 
990 |a BK 
996 6 |b BC-256736  |c PK-N-0002.699  |l MZK  |r Sklad / do 1 hodiny  |n 0  |w 000804850  |u 000010  |a 1  |e BOA001  |j MZK50  |s P